| 000 | 00522cam a2200205ua 4500 | ||
|---|---|---|---|
| 003 | OSt | ||
| 008 | 250130b |||||||| |||| 00| 0 eng d | ||
| 020 | _a81 85015 90 2 | ||
| 041 | _aeng | ||
| 082 |
_a621.30287 _bBEC/ME |
||
| 100 |
_aBeckwith, Thomas G . _97036 |
||
| 245 | _aMechanical measurements / | ||
| 250 | _a1 / | ||
| 260 |
_aChennai : _bNarosa Publishing House , _c1982. |
||
| 300 | _a730 ; . | ||
| 500 | _a*CSS | ||
| 700 | 1 |
_aLewis Back, N . _97037 |
|
| 700 | 1 |
_aMarangoni, D . _97038 |
|
| 942 | _cBK | ||
| 999 |
_c8925 _d8925 |
||